Exploring my world! 7th grade: teacher's book
Uloženo v:
| Hlavní autoři: | , , |
|---|---|
| Médium: | Kniha |
| Jazyk: | angličtina |
| Vydáno: |
Santiago
Zig Zag
2006
|
| Vydání: | 1a. ed |
| Témata: | |
| Tagy: |
Přidat tag
Žádné tagy, Buďte první, kdo vytvoří štítek k tomuto záznamu!
|
MARC
| LEADER | 00000nam a2200000 a 4500 | ||
|---|---|---|---|
| 001 | UCK9656 | ||
| 003 | CL-VaPUC | ||
| 008 | 060519e20060000CL |||||||||||||||||eng|d | ||
| 020 | |a 9561217554 | ||
| 082 | 0 | 4 | |a 372.6521 |b AGU |2 21 |
| 100 | 0 | |a Aguirre Infante, Claudia |e author |9 499460 | |
| 700 | 0 | |a Allende Valdés, Natalia |e author |9 499461 | |
| 700 | 0 | |a Faz Sotomayor, M. Dolores |e author |9 499462 | |
| 245 | 1 | 0 | |a Exploring my world! 7th grade: teacher's book |
| 250 | |a 1a. ed | ||
| 300 | |a 112 p | ||
| 942 | |c BK | ||
| 945 | |d 20060519 00:00:00 |a cmena | ||
| 260 | |a Santiago |b Zig Zag |c 2006 | ||
| 500 | |a Complementario con cassette y con Student's book | ||
| 650 | 0 | |a Enseñanza del inglés |9 367340 | |
| 650 | 0 | |a Lengua inglesa |9 318842 | |
| 650 | 0 | |a Educación básica |9 224933 | |
| 650 | 0 | |a Libros de texto |9 270019 | |
| 583 | |a last modification |c 20060519 00:00:00 |k Rodrigo Vera | ||
| 999 | |c 316737 |d 316735 | ||
| 952 | |0 0 |1 0 |4 0 |6 372_652100000000000_AGU_2006 |7 0 |8 A |9 391664 |a BIBEDU |b BIBEDU |d 2019-11-22 |i 4234340 |o 372.6521 AGU 2006 |p 4234340 |r 2019-11-22 |w 2019-11-22 |y BK |k LIT | ||
| 952 | |0 0 |1 0 |4 0 |6 372_652100000000000_AGU_2006 |7 0 |8 A |9 391665 |a BIBEDU |b BIBEDU |d 2019-11-22 |i 4234359 |o 372.6521 AGU 2006 |p 4234359 |r 2019-11-22 |w 2019-11-22 |y BK |k LIT | ||
| 952 | |0 0 |1 0 |4 0 |6 372_652100000000000_AGU_2006 |7 0 |8 A |9 391666 |a BIBEDU |b BIBEDU |d 2019-11-22 |i 4234367 |o 372.6521 AGU 2006 |p 4234367 |r 2019-11-22 |w 2019-11-22 |y BK |k LIT | ||
| 952 | |0 0 |1 0 |4 0 |6 372_652100000000000_AGU_2006 |7 0 |8 A |9 391667 |a BIBEDU |b BIBEDU |d 2019-11-22 |i 4267303 |o 372.6521 AGU 2006 |p 4267303 |r 2019-11-22 |w 2019-11-22 |y BK |k LIT | ||
| 952 | |0 0 |1 0 |4 0 |6 372_652100000000000_AGU_2006 |7 0 |8 A |9 391668 |a BIBEDU |b BIBEDU |d 2019-11-22 |i 4267311 |o 372.6521 AGU 2006 |p 4267311 |r 2019-11-22 |w 2019-11-22 |y BK |k LIT | ||